Celebrity Overlap Trios Quiz Stats

 Plays Quiz Updated Feb 27, 2014

Support Sporcle.
Go Orange.
Score 0/30 Timer 07:00
1 Play Today
% Correct
Simon Cowell
89.2%
James Dean
86.9%
Nelson Mandela
85.9%
Dean Martin
84.5%
Ray Charles
84%
Paul Simon
81.2%
Steven Tyler
77.9%
Martin Short
75.4%
Grace Kelly
70.8%
Ryan Reynolds
69.3%
Kelly Clarkson
69.2%
Tyler Perry
68.6%
Charles Bronson
62%
Nolan Ryan
55.6%
Judd Nelson
55.3%
% Correct
Topher Grace
54.5%
Ashley Judd
53.7%
Ron Paul
52.9%
Sara Gilbert
45.1%
Spencer Tracy
43.8%
Perry Como
43.3%
Tracy Chapman
42.9%
Gilbert Gottfried
39.6%
Bronson Pinchot
38.8%
Christopher Nolan
31.4%
Mia Sara
22.8%
Billie Piper
20.2%
Laurie Metcalf
20%
John Spencer
19.8%
Piper Laurie
17.6%

You're not logged in!

Compare scores with friends on all Sporcle quizzes.
OR
Log In

From the Vault

American Soccer Players

by smac17

Hey, at least we have one national team that does well at the World Cup.
Remove Ads.
Support Sporcle.
Get the best of Sporcle when you Go Orange. This ad-free experience offers more features, more stats, and more fun while also helping to support Sporcle. Thank you for becoming a member.

Show Comments

Extras

Top Quizzes Today


Score Distribution

Your Account Isn't Verified!

In order to create a playlist on Sporcle, you need to verify the email address you used during registration. Go to your Sporcle Settings to finish the process.

Report this User

Report this user for behavior that violates our Community Guidelines.

Details: